So začiatkom roka nastúpia nové pravidlá

Od januára 2014 vstupujú do platnosti ustanovenia a zmeny týkajúce sa aj obchodníkov. Daňová povinnosť, kontrolné výkazy, sankcie za oneskorenie, súhrnné výkazy.

Salvato in:
Dettagli Bibliografici
Autore principale: Pašek, Peter
Natura: Capitolo di libro
Lingua:slovacco
Soggetti:
Tags: Aggiungi Tag
Nessun Tag, puoi essere il primo ad aggiungerne!!

MARC

LEADER 00000naa a2200000 4500
001 0181430
005 20231208065851.5
041 0 |a slo 
044 |a SK 
245 1 0 |a So začiatkom roka nastúpia nové pravidlá  |c Peter Pašek 
520 |a Od januára 2014 vstupujú do platnosti ustanovenia a zmeny týkajúce sa aj obchodníkov. Daňová povinnosť, kontrolné výkazy, sankcie za oneskorenie, súhrnné výkazy. 
610 2 0 |a obchod 
610 2 0 |a povinnosť daňová 
610 2 0 |a úpravy právne 
610 2 0 |a Slovensko 
100 1 |a Pašek, Peter